00818nam a2200253 a 4500001001300000003000900013005001700022008004100039020001000080082001500090100002300105245006200128260003600190300000900226500003500235505001200270650003900282700002300321902000800344942000700352952009500359952009500454999001500549nice12345678IN_TiNIC20260116011602.0050524s1920 lona grp 000 0 eng  ac10000a225.4bKEN aKenyon, Frederic G aHand Book to the Textual Criticism of the New Testaments. aLondonbMacmillan and Co.c1920 a361p aincludes index and biblioraphy2 aIndices aBible N.T. Criticism-Interpretaion1 aKenyon, Frederic G bSRS cBK 00104070aHMIbHMId0000-00-00g100.00l0o225.4 KENp1718r0000-00-00w2026-01-16yARB 00104070aHMIbHMId0000-00-00g100.00l0o225.4 KENp8781r0000-00-00w2026-01-16yARB c2753d2753